| 000 | 00759nam a2200205Ia 4500 | ||
|---|---|---|---|
| 003 | GCL | ||
| 008 | 140319s9999 xx 000 0 ara d | ||
| 040 |
_aGCL / _cGCL |
||
| 082 | 0 | 4 |
_a922.1 _bع ح |
| 100 | 1 | _aعبدالحفيظ فرغلى على القرنى | |
| 245 | 1 | 0 |
_aالحافظ جلال الدين السيوطى: امام المجتهدين والمجددين فى عصره / _cعبدالحفيظ فرغلى على القرنى |
| 260 |
_a[S.N] : _bالهيئة المصرية العامة للكتاب ، _c1990 |
||
| 300 | _a212 ص | ||
| 490 | _a | ||
| 650 | 0 | 4 | _aالاسلام |
| 650 | 0 | 4 | _aاعلام العرب |
| 650 | 0 | 4 | _aالمصلحون غير السلفيين |
| 650 | 0 | 4 | _aالسيوطى, جلال الدين |
| 942 |
_2ddc _cBK |
||
| 999 |
_c27604 _d27604 |
||